Stainless steel and the chemical industry /

Guardado en:
Autores Corporativos: American Iron and Steel Institute. Committee of Stainless Steel Producers., Climax Molybdenum Company.
Formato: Libro
Idioma:English
Publicado: New York : Committee of Stainless Steel Producers, American Iron and Steel Institute, c1966.
Materias:
Etiquetas: Agregar Etiqueta
Sin Etiquetas, Sea el primero en etiquetar este registro!
LEADER 00927cam a22002295a 4500
001 EIQ.libpla002498
008 790315s1966####nyuao####b####000#0#eng#d
005 20070622195844.0
245 1 0 |a Stainless steel and the chemical industry /  |c [prepared by Climax Molybdenum Company]. 
260 |a New York :  |b Committee of Stainless Steel Producers, American Iron and Steel Institute,  |c c1966. 
300 |a 140 p. :  |b il. ;  |c 28 cm. 
504 |a Bibliografía: p. 140. 
710 2 |a American Iron and Steel Institute.  |b Committee of Stainless Steel Producers. 
082 0 0 |a 660.2/83 
650 4 |a Ingeniería química  |x Equipo y fuentes. 
650 4 |a Metalurgia  |x Acero inoxidable. 
650 0 |a Chemical engineering  |x Equipment and supplies. 
650 4 |a Metallurgy  |x Steel, Stainless. 
010 |a  78325524  
040 |a DLC  |c DLC  |d AR-BbSID 
110 2 |a Climax Molybdenum Company. 
859 |a AR-BbSID  |b BIB. PLAPIQUI  |h 669.961 42  |i C 61  |p 2866